Estadísticas para Adivina el nombre del Club por su primer escudo

Haz click aquí para intentar la prueba.

Estadísticas generales

  • Esta prueba ha sido intentada 22 veces
  • La puntuación promedio es 20 de 32

Estadísticas de respuestas

Respuesta% Correcto
Boca Juniors
95%
San Lorenzo
90%
Defensa y Justicia
86%
Huracan
81%
Newells Old Boys
81%
Racing
81%
Rosario Central
81%
Banfield
76%
Lanus
76%
Belgrano
71%
Platense
71%
Argentinos Juniors
67%
Atlanta
67%
Gimnasia
67%
Godoy Cruz
67%
Instituto
67%
Sarmiento
67%
Estudiantes
62%
Estudiantes Caseros
62%
Independiente
62%
Union
62%
Colon
57%
Independiente Rivadavia
57%
All Boys
52%
Atletico Tucuman
52%
Deportivo Moron
52%
Velez
52%
Chacarita Juniors
43%
Talleres
43%
River Plate
38%
Tigre
29%
Estudiantes Rio Cuarto
24%

Distribución de puntuación

Porcentaje por número respondido

Porcentaje de gente con cada puntuación

Historial de tus puntuaciones

No has intentado esta prueba.